| 000 | 00423nam a22001337a 4500 | ||
|---|---|---|---|
| 082 |
_a624.18341 _bSCO _cL-19, P-10 |
||
| 100 |
_aScott, W.L _926882 |
||
| 245 |
_aExplanatory handbook on the code of practice for reinforced concrete _cScott, W.L |
||
| 260 |
_aLondon _bConcrete publications ltd _cc1948 |
||
| 300 |
_av, p 148. _bill _c18cm |
||
| 526 |
_a0 _b0 _c0 _d624_183410000000000_SCO |
||
| 650 |
_aMCE _9379 |
||
| 942 |
_2ddc _cBK |
||
| 999 |
_c547082 _d547082 |
||